| 000 | 01125cam a22002054a 4500 | ||
|---|---|---|---|
| 005 | 20250605163937.0 | ||
| 008 | 250528s ||||||||||||||||||||||||d | ||
| 035 | _a14908 | ||
| 020 | _a471943126 | ||
| 040 |
_aGR-AtMCL _bgre _dGR-AtMCL _eAACR2 |
||
| 245 | 1 | _aA Business Guide to European Community Legislation / Fourth Cumulative Supplement up to date to 31 December 1993: European Practice Library | |
| 260 |
_bChancery Law Publicing, _c1994 |
||
| 300 | _a174 | ||
| 520 | _aForeword, Preface, Introduction to the European Communities, Banking and Capital Movements, Common Commercial Policy, Company Law, Competition Law, Consumer Protection, Customs, Dangerous Chemicals and Substances and Preparations, Employment, Energy, Environment, Foodstuffs, Harmonization of Technical Standards, Insurance, Intellectual Property, Pharmaceutical Products, Public Procurement, Securities, Taxation, Telecommunications and Information Technology, Transport, Index. | ||
| 700 | 1 |
_aO'Connor Bernard _9704 |
|
| 942 | _cBK | ||
| 710 | 2 |
_aStanbrook And Hooper Kpmg European Business Centre _99713 |
|
| 999 |
_c519 _d519 |
||